[Event "SVM_Verbandsliga_Süd_2023-24"]
[Site "?"]
[Date "2024.02.04"]
[Round "6.2"]
[White "Niesel, Tobias"]
[Black "Seidel, Martin"]
[Result "1/2-1/2"]
[WhiteElo "1967"]
[BlackElo "1841"]
[PlyCount "98"]
[EventDate "2024.02.04"]
[SourceDate "2024.02.04"]
[WhiteTeam "SG Porz 5"]
[BlackTeam "SV Hennef 1"]

1. c4 e6 2. g3 d5 3. Bg2 Nf6 4. Nf3 Be7 5. O-O O-O 6. b3 c6 7. Bb2 Nbd7 8. d3
Qc7 9. Nbd2 a5 10. e4 dxe4 11. dxe4 e5 12. Qc2 Re8 13. a3 Bc5 14. Ne1 Bd4 15.
Bxd4 exd4 16. c5 b6 17. cxb6 Nxb6 18. Nd3 Ba6 19. Rfc1 Bxd3 20. Qxd3 Rad8 21.
Nc4 Nxc4 22. Rxc4 Qb6 23. Rac1 Rb8 24. b4 axb4 25. Rxb4 Qa7 26. Rxd4 Ng4 27. h3
Ne5 28. Qe3 Rbc8 29. f4 Ng6 30. Rd3 Qxe3+ 31. Rxe3 Re7 32. Rec3 Rec7 33. e5 Ne7
34. Kf2 Kf8 35. Be4 Ra8 36. Rb1 Ke8 37. f5 Kd7 38. Rd1+ Kc8 39. f6 gxf6 40.
exf6 Nd5 41. Bf5+ Kb8 42. Rb3+ Rb7 43. Rdb1 Rxb3 44. Rxb3+ Kc7 45. Bxh7 Nxf6
46. Bb1 Kd6 47. Rb7 Nd7 48. Ba2 Rxa3 49. Bxf7 Nc5 1/2-1/2

[Event "SVM_Verbandsliga_Süd_2023-24"]
[Site "?"]
[Date "2024.02.04"]
[Round "6.3"]
[White "Schott, Guido"]
[Black "Burlutskaia, Maria"]
[Result "1/2-1/2"]
[WhiteElo "2108"]
[BlackElo "1791"]
[PlyCount "127"]
[EventDate "2024.02.04"]
[SourceDate "2024.02.04"]
[WhiteTeam "SV Hennef 1"]
[BlackTeam "SG Porz 5"]

1. c4 e6 2. Nf3 Nf6 3. g3 d5 4. Bg2 Be7 5. O-O O-O 6. b3 c6 7. Bb2 Nbd7 8. d3
b6 9. e4 Bb7 10. e5 Ne8 11. Qe2 Nc7 12. Nbd2 Nc5 13. d4 Nd7 14. Rfe1 b5 15. c5
b4 16. a4 f5 17. exf6 Bxf6 18. Nf1 Qe7 19. Ne3 a5 20. Nf5 exf5 21. Qxe7 Bxe7
22. Rxe7 Rf7 23. Rae1 Raf8 24. Ng5 Rxe7 25. Rxe7 Bc8 26. Bh3 h6 27. Nf3 g5 28.
Bf1 Re8 29. Rxe8+ Nxe8 30. Bd3 Ng7 31. Bc1 Kf7 32. h4 g4 33. Ne1 h5 34. Ng2 Ne6
35. Be3 Kf6 36. Nf4 Nxf4 37. Bxf4 Nf8 38. Kf1 Ne6 39. Be5+ Kg6 40. Ke2 Bb7 41.
Ke3 Bc8 42. Bb8 Kf6 43. Ba7 f4+ 44. gxf4 Ng7 45. Bb6 Nf5+ 46. Bxf5 Bxf5 47. Kd2
Be4 48. Bxa5 Kf5 49. Bc7 Bg2 50. Ke3 Bf1 51. Ba5 Ba6 52. Bxb4 Bf1 53. Ba5 Ba6
54. Bd8 Ke6 55. Bg5 Bc8 56. Bd8 Kd7 57. Ba5 Ke7 58. Be1 Bf5 59. a5 Kd7 60. f3
gxf3 61. Kxf3 Kc7 62. a6 Kb8 63. b4 Ka7 64. Ke3 {(=)} 1/2-1/2

[Event "SVM_Verbandsliga_Süd_2023-24"]
[Site "?"]
[Date "2024.02.04"]
[Round "6.4"]
[White "Sewald, Richard"]
[Black "Neese, Hans-Joachim"]
[Result "0-1"]
[WhiteElo "1819"]
[BlackElo "1986"]
[PlyCount "132"]
[EventDate "2024.02.04"]
[SourceDate "2024.02.04"]
[WhiteTeam "SG Porz 5"]
[BlackTeam "SV Hennef 1"]

1. Nf3 d5 2. g3 c5 3. Bg2 Nc6 4. d3 Nf6 5. c3 e6 6. Qc2 Be7 7. e4 O-O 8. O-O b6
9. Re1 Bb7 10. Bg5 h6 11. Bxf6 Bxf6 12. e5 Be7 13. Nbd2 Qd7 14. Rad1 f5 15.
exf6 Rxf6 16. Bh3 Raf8 17. Qa4 Bc8 18. Nh4 g5 19. Qg4 Kh7 20. Nhf3 Bd6 21. Qa4
a6 22. Bxe6 Rxe6 23. Rxe6 b5 24. Rxd6 Qxd6 25. Qc2 Qf6 26. a4 Bg4 27. d4+ Kg7
28. axb5 axb5 29. dxc5 Bxf3 30. Nxf3 Qxf3 31. Re1 Qf6 32. Qe2 b4 33. f4 bxc3
34. bxc3 Rf7 35. Rd1 gxf4 36. Qg4+ Qg6 37. Qxg6+ Kxg6 38. gxf4 Rf5 39. Kg2 Kf7
40. Kg3 h5 41. Rd2 Ke6 42. Re2+ Kd7 43. Ra2 Kc7 44. Ra4 Kb7 45. Ra2 Nb8 46.
Rb2+ Kc7 47. Kf3 Nd7 48. Rg2 Nxc5 49. c4 d4 50. Rd2 d3 51. Ke3 Rf7 52. Rg2 Rd7
53. f5 Nb3 54. Rg1 d2 55. Ke2 Nd4+ 56. Ke3 Nxf5+ 57. Ke2 Kc6 58. Rd1 Kc5 59.
Rxd2 Rxd2+ 60. Kxd2 Kxc4 61. Ke2 Kd4 62. Kf3 Ke5 63. h3 Nh4+ 64. Kg3 Ng6 65.
Kf3 Kf5 66. Ke3 Nf4 0-1

[Event "SVM_Verbandsliga_Süd_2023-24"]
[Site "?"]
[Date "2024.02.04"]
[Round "6.5"]
[White "Rasche, Lothar"]
[Black "Swoboda, Sascha"]
[Result "1-0"]
[WhiteElo "1723"]
[BlackElo "1669"]
[PlyCount "49"]
[EventDate "2024.02.04"]
[SourceDate "2024.02.04"]
[WhiteTeam "SV Hennef 1"]
[BlackTeam "SG Porz 5"]

1. c4 c5 2. Nc3 Nc6 3. g3 g6 4. Bg2 Bg7 5. Nf3 Nf6 6. O-O O-O 7. d3 Rb8 8. e4
e5 9. Nd5 d6 10. Bg5 h6 11. Nxf6+ Bxf6 12. Bxh6 Re8 13. Qd2 b5 14. Bg5 Nd4 15.
Bxf6 Qxf6 16. Nxd4 exd4 17. f4 bxc4 18. dxc4 Rb4 19. b3 a5 20. Rae1 a4 21. e5
dxe5 22. fxe5 Qg7 23. Bd5 Re7 24. Qg5 Ra7 25. e6 1-0

[Event "SVM_Verbandsliga_Süd_2023-24"]
[Site "?"]
[Date "2024.02.04"]
[Round "6.6"]
[White "Sewald, Jörg"]
[Black "Stoffels, Markus"]
[Result "1/2-1/2"]
[WhiteElo "1639"]
[BlackElo "1741"]
[PlyCount "52"]
[EventDate "2024.02.04"]
[SourceDate "2024.02.04"]
[WhiteTeam "SG Porz 5"]
[BlackTeam "SV Hennef 1"]

1. b3 Nf6 2. g3 c5 3. Bb2 e6 4. Bg2 d5 5. e3 Nc6 6. a3 Be7 7. Ne2 O-O 8. d3 Qc7
9. Nd2 b5 10. h3 Rb8 11. g4 h6 12. Ng3 d4 13. e4 Bd6 14. Ndf1 Bf4 15. Bc1 Rd8
16. h4 g5 17. hxg5 Bxg5 18. Bxg5 hxg5 19. Nh5 Nxh5 20. Rxh5 Qf4 21. Qd2 Qxd2+
22. Nxd2 f6 23. Ke2 e5 24. f3 Kf7 25. Rh7+ Ke6 26. Rah1 Rd7 {(=)} 1/2-1/2

[Event "SVM_Verbandsliga_Süd_2023-24"]
[Site "?"]
[Date "2024.02.04"]
[Round "6.7"]
[White "Bursch, Alexander"]
[Black "Wegener, Marcus"]
[Result "1/2-1/2"]
[WhiteElo "1619"]
[BlackElo "1922"]
[PlyCount "120"]
[EventDate "2024.02.04"]
[SourceDate "2024.02.04"]
[WhiteTeam "SV Hennef 1"]
[BlackTeam "SG Porz 5"]

1. b3 d5 2. e3 Nf6 3. Bb2 e6 4. Nf3 Nbd7 5. Ne5 Nxe5 6. Bxe5 Bd6 7. f4 Qe7 8.
Nc3 c6 9. Be2 Bd7 10. Bxd6 Qxd6 11. d4 Qb4 12. Qd2 c5 13. a3 Qa5 14. Ne4 Qxd2+
15. Nxd2 Rc8 16. Bd3 Ke7 17. Ke2 cxd4 18. exd4 Bc6 19. Ke3 Nd7 20. Nf3 f6 21.
Rae1 Kf7 22. Rhf1 g6 23. Kd2 Rhe8 24. Re3 Re7 25. Rfe1 Rce8 26. c4 dxc4 27.
Bxc4 Nb6 28. g4 Bxf3 29. Rxf3 Rd8 30. Kc3 Rc7 31. f5 Nd5+ 32. Kb2 exf5 33. gxf5
Kg7 34. Re6 Rf7 35. h4 Nb6 36. Re4 Nd5 37. Rg4 Re7 38. Bxd5 Re2+ 39. Kc3 Rxd5
40. Kc4 Rd7 41. fxg6 hxg6 42. Rfg3 g5 43. hxg5 f5 44. Rf4 Rc2+ 45. Kb4 Rd2 46.
Kc3 Rd1 47. a4 a5 48. Rxf5 b6 49. Kc2 R1xd4 50. Rf2 R7d6 51. Kc3 R4d5 52. Rf4
Kg6 53. b4 axb4+ 54. Kxb4 Re5 55. Rh4 Rxg5 56. Rxg5+ Kxg5 57. Rc4 Kf6 58. Kb5
Ke7 59. Rc6 Rxc6 60. Kxc6 Kd8 {(=)} 1/2-1/2

[Event "SVM_Verbandsliga_Süd_2023-24"]
[Site "?"]
[Date "2024.02.04"]
[Round "6.8"]
[White "Ehtesham Manesh, Abbas"]
[Black "Rieger, Isabelle"]
[Result "0-1"]
[WhiteElo "1658"]
[BlackElo "1628"]
[PlyCount "76"]
[EventDate "2024.02.04"]
[SourceDate "2024.02.04"]
[WhiteTeam "SG Porz 5"]
[BlackTeam "SV Hennef 1"]

1. Nf3 Nf6 2. e3 g6 3. b3 Bg7 4. Bb2 d5 5. d3 c5 6. c4 O-O 7. cxd5 Nxd5 8. Bxg7
Kxg7 9. Qc2 b6 10. a3 Qd6 11. Nbd2 Bb7 12. Be2 Nd7 13. O-O Rac8 14. Rfe1 a6 15.
Bf1 b5 16. Rac1 Rfd8 17. h3 f5 18. e4 Nf4 19. exf5 gxf5 20. Qc3+ Kg8 21. g3 Ng6
22. Rcd1 Nb6 23. h4 h5 24. Ng5 e5 25. Ndf3 Re8 26. Bh3 Qf6 27. Rd2 Nd5 28. Qb2
b4 29. axb4 cxb4 30. Qa1 Rc5 31. d4 Rc3 32. dxe5 Nxe5 33. Nxe5 Rxe5 34. Rde2
Rxe2 35. Qd1 Rxe1+ 36. Qxe1 Qc6 37. Qe6+ Qxe6 38. Nxe6 Ne7 0-1

[Event "SVM_Verbandsliga_Süd_2023-24"]
[Site "?"]
[Date "2024.02.04"]
[Round "6.1"]
[White "Falkenberg, Hendrik"]
[Black "Kögler, Christof"]
[Result "0-1"]
[WhiteElo "1947"]
[BlackElo "2070"]
[PlyCount "86"]
[EventDate "2024.02.04"]
[WhiteTeam "VdSF Stadtverw. Bonn 2"]
[BlackTeam "Godesberger SK 3"]

1. d4 Nf6 2. c4 e6 3. g3 Bb4+ 4. Bd2 Be7 5. Bg2 d5 6. Nf3 O-O 7. O-O Ne4 8. Be3
Nd7 9. Nbd2 Nef6 10. Ne1 c6 11. f3 b6 12. Nd3 Bb7 13. cxd5 cxd5 14. Rc1 Ba6 15.
Rc3 Qb8 16. Bf4 Bd6 17. Nb4 Bxf4 18. Nxa6 Qb7 19. Nb4 Bd6 20. Nd3 Rac8 21. e4
e5 22. Rxc8 Rxc8 23. f4 Nxe4 24. fxe5 Be7 25. Nxe4 dxe4 26. Qg4 Qd5 27. Bxe4
Qxd4+ 28. Kg2 g6 29. e6 Rc2+ 30. Nf2 Nf6 31. exf7+ Kg7 32. Bxc2 Nxg4 33. Nxg4
Qxg4 34. Bb3 Kf8 35. Re1 Qb4 36. Re2 a5 37. Be6 Qc5 38. b3 h5 39. a4 Kg7 40.
Bc4 g5 41. Rd2 Qf5 42. Rf2 Qe4+ 43. Kf1 Kf8 0-1

[Event "SVM_Verbandsliga_Süd_2023-24"]
[Site "?"]
[Date "2024.02.04"]
[Round "6.2"]
[White "Lotzien, Hans"]
[Black "Mundorf, Andreas"]
[Result "1-0"]
[WhiteElo "2062"]
[BlackElo "1939"]
[PlyCount "81"]
[EventDate "2024.02.04"]
[WhiteTeam "Godesberger SK 3"]
[BlackTeam "VdSF Stadtverw. Bonn 2"]

1. e4 e6 2. Qe2 c5 3. f4 d5 4. exd5 Be7 5. dxe6 Bxe6 6. Nf3 Nc6 7. c3 Nf6 8. d3
O-O 9. Be3 Nd5 10. Nbd2 b5 11. Ne4 Re8 12. Ne5 Rc8 13. Qf2 Nxe3 14. Qxe3 f6 15.
Nxc6 Rxc6 16. Be2 f5 17. Ng3 Bd5 18. O-O Bh4 19. Qd2 Rce6 20. Rf2 Qf6 21. Bh5
g6 22. Bf3 Bxf3 23. gxf3 Rd6 24. Re1 Red8 25. Re3 Qf7 26. a3 Qd7 27. Rfe2 Bf6
28. Qe1 Kf7 29. Rd2 b4 30. Qc1 bxa3 31. bxa3 Qa4 32. Ne2 Ra6 33. Ra2 Rb8 34.
Kg2 Rab6 35. d4 Qc4 36. Qd2 cxd4 37. cxd4 Rd6 38. Rc2 Qa4 39. Rc7+ Rd7 40. Nc3
Qxd4 41. Qxd4 1-0

[Event "SVM_Verbandsliga_Süd_2023-24"]
[Site "?"]
[Date "2024.02.04"]
[Round "6.3"]
[White "Bartels, Sebastian"]
[Black "Wulfken, Christof"]
[Result "0-1"]
[WhiteElo "1656"]
[BlackElo "1905"]
[PlyCount "62"]
[EventDate "2024.02.04"]
[WhiteTeam "VdSF Stadtverw. Bonn 2"]
[BlackTeam "Godesberger SK 3"]

1. e4 c5 2. Nf3 a6 3. d4 cxd4 4. Nxd4 d6 5. Bd3 e5 6. Ne2 Nf6 7. O-O Nc6 8.
Nbc3 Be7 9. Bg5 h6 10. Bh4 g5 11. Bg3 Be6 12. Kh1 h5 13. h4 Ng4 14. Nd5 gxh4
15. Nxe7 Qxe7 16. Bh2 Nxh2 17. Kxh2 Rg8 18. f4 Bg4 19. Qe1 Rg7 20. Qf2 O-O-O
21. Nc3 exf4 22. Nd5 Qe5 23. Nxf4 Qg5 24. Qb6 Qc5 25. Nd5 Qxb6 26. Nxb6+ Kb8
27. Rf6 Be6 28. Raf1 Ne5 29. Kh1 Rdg8 30. Be2 Rxg2 31. Bxh5 Rxc2 0-1

[Event "SVM_Verbandsliga_Süd_2023-24"]
[Site "?"]
[Date "2024.02.04"]
[Round "6.4"]
[White "Müller, Dominik"]
[Black "Huse, Johannes"]
[Result "1-0"]
[WhiteElo "1899"]
[BlackElo "1670"]
[PlyCount "119"]
[EventDate "2024.02.04"]
[WhiteTeam "Godesberger SK 3"]
[BlackTeam "VdSF Stadtverw. Bonn 2"]

1. Nf3 d5 2. e4 dxe4 3. Ng5 Nf6 4. Bc4 e6 5. Nc3 Be7 6. Ncxe4 O-O 7. Nxf6+ Bxf6
8. Ne4 Be7 9. d4 Nd7 10. O-O Nf6 11. Nxf6+ Bxf6 12. c3 c5 13. dxc5 Qc7 14. Be3
b6 15. Qd6 Qxd6 16. cxd6 Be5 17. Rad1 Rd8 18. Rd2 Rxd6 19. Rxd6 Bxd6 20. Rd1
Be7 21. Bf4 a6 22. Bc7 b5 23. Be2 Ra7 24. Bb6 Rd7 25. Rxd7 Bxd7 26. c4 bxc4 27.
Bxc4 Bb5 28. Bxb5 axb5 29. Kf1 Kf8 30. Bd4 g6 31. Ke2 Bd6 32. b3 e5 33. Bb6 Ke7
34. a4 bxa4 35. bxa4 Kd7 36. Kd3 Kc6 37. Be3 Bc7 38. Kc4 Ba5 39. f3 f5 40. h3
Be1 41. Bc5 g5 42. Bb4 Bf2 43. Be7 Be3 44. g4 e4 45. fxe4 fxe4 46. Bb4 Bf2 47.
Bc3 Be3 48. Be1 Kd6 49. Bc3 Kc6 50. a5 Bf4 51. Bd4 Kb7 52. Bb6 Ka6 53. Kd4 e3
54. Kd3 Kb5 55. Bxe3 Bc7 56. Bd2 Kc5 57. Ke4 h6 58. Kf5 Kb5 59. Kg6 Bf4 60. Be1
1-0

[Event "SVM_Verbandsliga_Süd_2023-24"]
[Site "?"]
[Date "2024.02.04"]
[Round "6.5"]
[White "Huang, Tobias"]
[Black "Dörschel, Lorenz"]
[Result "0-1"]
[WhiteElo "1720"]
[BlackElo "1899"]
[PlyCount "96"]
[EventDate "2024.02.04"]
[WhiteTeam "VdSF Stadtverw. Bonn 2"]
[BlackTeam "Godesberger SK 3"]

1. d4 d6 2. Nf3 g6 3. Bg5 Bg7 4. Nbd2 c5 5. e3 Nc6 6. c3 cxd4 7. exd4 Bf5 8.
Qb3 Qc7 9. d5 Ne5 10. Nxe5 Bxe5 11. Bb5+ Bd7 12. Nf3 Bg7 13. O-O Nf6 14. Rfe1
a6 15. Bxd7+ Kxd7 16. c4 Rab8 17. Rac1 Qa5 18. c5 Rhc8 19. c6+ bxc6 20. dxc6+
Ke8 21. Qe3 Rc7 22. Bxf6 Bxf6 23. Qh6 e6 24. Qxh7 Ke7 25. Qh6 Rxb2 26. Re3 Rxc6
27. Rxe6+ Kxe6 28. Rxc6 Rb1+ 29. Rc1 Rxc1+ 30. Qxc1 Qxa2 31. Qc8+ Kd5 32. Qb7+
Kc5 33. g3 Qd5 34. Qa7+ Kb5 35. Qe3 a5 36. Ne1 a4 37. h4 Be5 38. Kh2 Qd4 39.
Qe2+ Qc4 40. Qe3 Qxh4+ 41. Kg2 Qc4 42. Nd3 Bd4 43. Qe2 a3 44. Kh2 a2 45. Qe8+
Qc6 46. Qxc6+ Kxc6 47. Nb4+ Kb5 48. Nxa2 Bb2 0-1

[Event "SVM_Verbandsliga_Süd_2023-24"]
[Site "?"]
[Date "2024.02.04"]
[Round "6.6"]
[White "Otto, Wolfgang"]
[Black "Wauben, Nils"]
[Result "1/2-1/2"]
[WhiteElo "1868"]
[BlackElo "1664"]
[PlyCount "59"]
[EventDate "2024.02.04"]
[WhiteTeam "Godesberger SK 3"]
[BlackTeam "VdSF Stadtverw. Bonn 2"]

1. d4 Nf6 2. c4 c5 3. d5 d6 4. Nc3 e5 5. e4 Be7 6. Be2 O-O 7. Nf3 Ne8 8. O-O f5
9. exf5 Bxf5 10. Ne1 Bg5 11. Bd3 Bxd3 12. Nxd3 Nd7 13. f4 exf4 14. Bxf4 Bxf4
15. Nxf4 Ne5 16. b3 Qe7 17. Ne6 Rxf1+ 18. Qxf1 Nf6 19. Re1 a6 20. Qf5 b5 21.
Qf1 bxc4 22. bxc4 Rb8 23. Ne4 Rb4 24. Nd2 Rb2 25. Nf3 Nfd7 26. Re2 Rb4 27. Rc2
Qf6 28. h3 Nxf3+ 29. gxf3 Ne5 30. f4 1/2-1/2

[Event "SVM_Verbandsliga_Süd_2023-24"]
[Site "?"]
[Date "2024.02.04"]
[Round "6.7"]
[White "Schreiber, Timon"]
[Black "Schniggenberg, Gerd"]
[Result "0-1"]
[WhiteElo "1137"]
[BlackElo "1848"]
[PlyCount "60"]
[EventDate "2024.02.04"]
[WhiteTeam "VdSF Stadtverw. Bonn 2"]
[BlackTeam "Godesberger SK 3"]

1. e4 e6 2. d4 d5 3. e5 c5 4. Nf3 cxd4 5. Bd3 Ne7 6. O-O Ng6 7. Re1 Be7 8. Nbd2
Nc6 9. Nb3 Qc7 10. Nbxd4 Bd7 11. Nxc6 bxc6 12. h4 Bxh4 13. Nxh4 Nxh4 14. Qg4
Ng6 15. Bxg6 hxg6 16. Bf4 Rb8 17. b3 c5 18. Bg3 Qa5 19. c4 d4 20. Qe4 Qc7 21.
a3 Rxb3 22. Reb1 Rxb1+ 23. Rxb1 Bc6 24. Rb8+ Qxb8 25. Qxc6+ Kd8 26. Qe4 Kc7 27.
Bh4 Qb7 28. Qf4 Qb1+ 29. Kh2 Qf5 30. Kg3 g5 0-1

[Event "SVM_Verbandsliga_Süd_2023-24"]
[Site "?"]
[Date "2024.02.04"]
[Round "6.1"]
[White "Bachem, Oliver"]
[Black "Hank, Holger"]
[Result "1-0"]
[WhiteElo "2101"]
[BlackElo "1919"]
[PlyCount "69"]
[EventDate "2024.02.04"]
[WhiteTeam "TTC GW Fritzdorf 1"]
[BlackTeam "Brühler SK 2"]

1. e4 Nc6 2. Nf3 d6 3. d4 Nf6 4. Bd3 g6 5. c3 Bg7 6. Bg5 h6 7. Bxf6 Bxf6 8.
Nbd2 O-O 9. O-O e5 10. dxe5 dxe5 11. Bc4 Qe7 12. Bd5 Nd8 13. Qe2 Ne6 14. Bxe6
Bxe6 15. Qe3 Bg5 16. Nxg5 Qxg5 17. f4 exf4 18. Rxf4 h5 19. Nf3 Qe7 20. e5 b6
21. Rf6 Qc5 22. Nd4 Rae8 23. b4 Qd5 24. Re1 Kg7 25. Qg5 c5 26. bxc5 Qxc5 27.
Re3 Kh7 28. h3 Qa3 29. Ref3 Qc5 30. g4 Bxa2 31. gxh5 Rxe5 32. hxg6+ Kg7 33.
R3f5 Rxf5 34. Rxf5 f6 35. Qh5 1-0

[Event "SVM_Verbandsliga_Süd_2023-24"]
[Site "?"]
[Date "2024.02.04"]
[Round "6.2"]
[White "Schlicht, Markus"]
[Black "Begri, Robert"]
[Result "0-1"]
[WhiteElo "1922"]
[BlackElo "2090"]
[PlyCount "82"]
[EventDate "2024.02.04"]
[WhiteTeam "Brühler SK 2"]
[BlackTeam "TTC GW Fritzdorf 1"]

1. d4 Nf6 2. c4 e6 3. Nc3 Bb4 4. Qc2 c5 5. e3 Nc6 6. Nf3 O-O 7. a3 Bxc3+ 8.
Qxc3 cxd4 9. exd4 d5 10. Be3 Ne4 11. Qc1 Na5 12. Qc2 Bd7 13. c5 Qe8 14. b3 Bb5
15. Bd3 Rc8 16. O-O b6 17. a4 Bxd3 18. Qxd3 Nc6 19. cxb6 Nb4 20. Qb5 Qxb5 21.
axb5 axb6 22. Ra4 Nc2 23. Ra6 Rc3 24. Rxb6 Rxb3 25. Ne5 Nc3 26. Nd7 Rd8 27. Rc6
Ne2+ 28. Kh1 Nexd4 29. Rd6 Rc8 30. Nb6 Rb8 31. Bf4 Rxb5 32. Nxd5 exd5 33. Rxd5
Rxd5 34. Bxb8 f6 35. h3 Kf7 36. Rd1 Ke6 37. Bf4 g5 38. Bb8 Rf5 39. Ba7 Nc6 40.
Rc1 N2d4 41. Bxd4 Nxd4 0-1

[Event "SVM_Verbandsliga_Süd_2023-24"]
[Site "?"]
[Date "2024.02.04"]
[Round "6.3"]
[White "Kühlwetter, Gerd"]
[Black "Raabe, Joachim"]
[Result "1-0"]
[WhiteElo "1900"]
[BlackElo "1727"]
[PlyCount "41"]
[EventDate "2024.02.04"]
[WhiteTeam "TTC GW Fritzdorf 1"]
[BlackTeam "Brühler SK 2"]

1. d4 e6 2. Nf3 Nf6 3. Bf4 Be7 4. e3 d5 5. Bd3 Nbd7 6. Nbd2 O-O 7. Ne5 Re8 8.
Ndf3 c5 9. c3 h6 10. h4 cxd4 11. exd4 Ne4 12. Qe2 Nxe5 13. Nxe5 Bxh4 14. Bxe4
dxe4 15. Qxe4 Be7 16. Bxh6 f5 17. Qf3 Bf6 18. Qh5 Re7 19. Bg5 Bxe5 20. Qh8+ Kf7
21. Qxd8 1-0

[Event "SVM_Verbandsliga_Süd_2023-24"]
[Site "?"]
[Date "2024.02.04"]
[Round "6.4"]
[White "Kart, Boris"]
[Black "Schade, Frederik"]
[Result "0-1"]
[WhiteElo "1772"]
[BlackElo "1767"]
[PlyCount "57"]
[EventDate "2024.02.04"]
[WhiteTeam "Brühler SK 2"]
[BlackTeam "TTC GW Fritzdorf 1"]

1. e4 e6 2. d4 d5 3. e5 c5 4. c3 Qb6 5. Nf3 Nc6 6. Bd3 cxd4 7. cxd4 Bd7 8. Bc2
Nge7 9. a3 Ng6 10. Nc3 Be7 11. O-O Rc8 12. Na4 Qc7 13. Nc3 Qb6 14. Rb1 Na5 15.
Ba4 Rxc3 16. Bxd7+ Kxd7 17. bxc3 Qxb1 18. Qa4+ Nc6 19. c4 dxc4 20. Qxc4 Qe4 21.
Qb5 Rb8 22. Be3 Qd5 23. Qb2 Na5 24. Rc1 Qb3 25. Qd2 Nc4 26. Qe2 Nxe3 27. fxe3
Rc8 28. Rd1 Rc2 29. Qf1 0-1

[Event "SVM_Verbandsliga_Süd_2023-24"]
[Site "?"]
[Date "2024.02.04"]
[Round "6.5"]
[White "Pritzkau, Christian"]
[Black "Löffler, Friedrich"]
[Result "1/2-1/2"]
[WhiteElo "1639"]
[BlackElo "1848"]
[PlyCount "70"]
[EventDate "2024.02.04"]
[WhiteTeam "TTC GW Fritzdorf 1"]
[BlackTeam "Brühler SK 2"]

1. e4 e5 2. Nf3 Nc6 3. d4 exd4 4. Nxd4 Qf6 5. Be3 Bc5 6. c3 d6 7. Be2 Nge7 8.
O-O O-O 9. Nxc6 Nxc6 10. Bxc5 dxc5 11. Nd2 a6 12. a4 Be6 13. Qc2 Rad8 14. Rad1
Qg6 15. f4 f5 16. exf5 Qxf5 17. Qxf5 Bxf5 18. Bc4+ Kh8 19. Nb3 b6 20. Rxd8 Rxd8
21. Bxa6 g6 22. Re1 Kg7 23. Bb5 Rd6 24. Bxc6 Rxc6 25. Re7+ Kh6 26. Kf2 Bc2 27.
Na1 Bxa4 28. b3 Bb5 29. c4 Ba6 30. g4 g5 31. f5 Rd6 32. Nc2 Rd2+ 33. Re2 Rd6
34. Ke3 Bb7 35. Kf2 Bc6 1/2-1/2

[Event "SVM_Verbandsliga_Süd_2023-24"]
[Site "?"]
[Date "2024.02.04"]
[Round "6.6"]
[White "Höfner, Christoph"]
[Black "Schade, Ulrich"]
[Result "1/2-1/2"]
[WhiteElo "1727"]
[BlackElo "1686"]
[PlyCount "31"]
[EventDate "2024.02.04"]
[WhiteTeam "Brühler SK 2"]
[BlackTeam "TTC GW Fritzdorf 1"]

1. d4 d5 2. Nf3 Nf6 3. Bf4 e6 4. e3 Bd6 5. Bxd6 Qxd6 6. c3 O-O 7. Ne5 c5 8. Nd2
c4 9. Be2 b5 10. O-O a5 11. Qc2 Bb7 12. g3 Nc6 13. Ng4 Nxg4 14. Bxg4 f5 15. Bh3
Ne7 16. f4 1/2-1/2

[Event "SVM_Verbandsliga_Süd_2023-24"]
[Site "?"]
[Date "2024.02.04"]
[Round "6.7"]
[White "Schindler, Kosta"]
[Black "Wolf, Hans-Josef"]
[Result "1/2-1/2"]
[WhiteElo "1721"]
[BlackElo "1846"]
[PlyCount "113"]
[EventDate "2024.02.04"]
[WhiteTeam "TTC GW Fritzdorf 1"]
[BlackTeam "Brühler SK 2"]

1. d4 d5 2. c4 e6 3. g3 c6 4. Bg2 Bd6 5. Nf3 Nd7 6. O-O Ngf6 7. b3 O-O 8. Bb2
Qe7 9. Nc3 Ne4 10. Nd2 f5 11. f3 Nxg3 12. hxg3 Bxg3 13. f4 Qh4 14. Nf3 Qxf4 15.
Qd2 Qg4 16. Qg5 Nf6 17. Qxg4 Nxg4 18. Bc1 Bd7 19. e3 b5 20. cxb5 cxb5 21. Ne2
Bd6 22. a3 Rac8 23. Bd2 Rc2 24. Rfe1 Rfc8 25. Rac1 Bxa3 26. Rb1 b4 27. Kf1 Bb5
28. Kg1 Bd3 29. Nf4 Be4 30. Red1 h6 31. Nxe6 Rxd2 32. Nxd2 Bxb1 33. Rxb1 Nxe3
34. Bf3 Rc2 35. Kf2 Ng4+ 36. Ke1 Bc1 37. Nf1 Ne3 38. Nxe3 Bxe3 39. Bxd5 Kf7 40.
Bc4 Rh2 41. Rd1 Ke7 42. Nxg7 Kf6 43. Ne8+ Ke7 44. Nc7 Rh1+ 45. Ke2 Rxd1 46.
Kxd1 Bxd4 47. Nd5+ Kd6 48. Nxb4 a5 49. Nc2 Bc5 50. Ke2 Ke5 51. Kf3 h5 52. Ne3
h4 53. Ng2 h3 54. Ne1 h2 55. Kg2 Kd4 56. Kxh2 a4 57. Be6 1/2-1/2

[Event "SVM_Verbandsliga_Süd_2023-24"]
[Site "?"]
[Date "2024.02.04"]
[Round "6.8"]
[White "Rudloff, Jan"]
[Black "Mende, Lukas"]
[Result "1/2-1/2"]
[WhiteElo "1611"]
[BlackElo "1565"]
[PlyCount "62"]
[EventDate "2024.02.04"]
[WhiteTeam "Brühler SK 2"]
[BlackTeam "TTC GW Fritzdorf 1"]

1. f4 c5 2. Nf3 Nc6 3. b3 g6 4. Bb2 Nf6 5. e3 Bg7 6. Bd3 d6 7. Nc3 a6 8. Ne4 e5
9. Nxd6+ Qxd6 10. fxe5 Nxe5 11. Bxe5 Qc6 12. O-O O-O 13. Bb2 Bg4 14. Be2 Bf5
15. Ne5 Qc7 16. Rb1 b5 17. Ng4 Nxg4 18. Bxg4 Bxb2 19. Rxb2 Qe5 20. Rb1 Bxg4 21.
Qxg4 Rad8 22. Qe2 Rfe8 23. Rf3 Qd4 24. Rf2 Qe4 25. Qf3 Qe6 26. e4 c4 27. d3
cxd3 28. cxd3 Re7 29. Rd1 Rd6 30. h4 h5 31. Rfd2 Rd4 1/2-1/2

[Event "SVM_Verbandsliga_Süd_2023-24"]
[Site "?"]
[Date "2024.02.04"]
[Round "6.1"]
[White "Gaßmann, Peter"]
[Black "König, Christian"]
[Result "1/2-1/2"]
[WhiteElo "1747"]
[BlackElo "2042"]
[PlyCount "31"]
[EventDate "2024.02.04"]
[WhiteTeam "SC Siegburg 2"]
[BlackTeam "SF Lohmar 1"]

1. f4 d5 2. b3 Bg4 3. Bb2 Nc6 4. g3 e6 5. Bg2 f6 6. Nf3 Bd6 7. Nc3 Nge7 8. e3
Qd7 9. Qe2 e5 10. h3 Bh5 11. g4 Bg6 12. fxe5 Nxe5 13. O-O-O c6 14. Nh4 Bf7 15.
Rhf1 O-O-O 16. Nf5 1/2-1/2

[Event "SVM_Verbandsliga_Süd_2023-24"]
[Site "?"]
[Date "2024.02.04"]
[Round "6.2"]
[White "Akstinat, Sven-Holger"]
[Black "Veehmayer, Mio"]
[Result "1-0"]
[WhiteElo "1956"]
[BlackElo "1608"]
[PlyCount "103"]
[EventDate "2024.02.04"]
[WhiteTeam "SF Lohmar 1"]
[BlackTeam "SC Siegburg 2"]

1. e4 d6 2. d4 Nf6 3. Nc3 g6 4. f4 Bg7 5. e5 Nfd7 6. Nf3 O-O 7. Be2 c5 8. exd6
exd6 9. dxc5 dxc5 10. O-O Nc6 11. Be3 Re8 12. Qd2 Bxc3 13. Qxc3 Qe7 14. Bf2 Qf6
15. Qxf6 Nxf6 16. Bb5 Bd7 17. Bxc5 a6 18. Bd3 Nd5 19. g3 Ndb4 20. Rad1 Nxd3 21.
Rxd3 Bf5 22. Rd2 Rad8 23. Rff2 Rxd2 24. Rxd2 Rd8 25. Rxd8+ Nxd8 26. Nd4 Be4 27.
c3 Nc6 28. Nb3 f5 29. Kf2 Kf7 30. Ke3 b5 31. Nd2 Bd5 32. b3 Ke8 33. c4 Bf7 34.
Kd3 Kd7 35. Kc3 Kc7 36. Nf3 bxc4 37. bxc4 Bg8 38. a3 Bf7 39. Bf8 Bg8 40. Nd2
Bf7 41. Nb3 Nd8 42. Kb4 Nc6+ 43. Kc5 Bg8 44. Bg7 Bf7 45. Bc3 Bg8 46. Nd2 Bf7
47. Nf3 Bg8 48. Ng5 Nd8 49. Ba5+ Kd7 50. Bxd8 Kxd8 51. Nf3 h6 52. Ne5 1-0

[Event "SVM_Verbandsliga_Süd_2023-24"]
[Site "?"]
[Date "2024.02.04"]
[Round "6.3"]
[White "Peukert, Manuel"]
[Black "Fuchs, Andreas"]
[Result "0-1"]
[WhiteElo "1629"]
[BlackElo "1982"]
[PlyCount "104"]
[EventDate "2024.02.04"]
[WhiteTeam "SC Siegburg 2"]
[BlackTeam "SF Lohmar 1"]

1. e4 c5 2. c4 Nc6 3. Nc3 g6 4. g3 Bg7 5. Nge2 Ne5 6. Nf4 d6 7. h3 e6 8. d3 Ne7
9. Bg2 N7c6 10. O-O Nd4 11. Be3 a6 12. Nfe2 Nec6 13. f4 O-O 14. Rb1 Rb8 15. a3
b5 16. cxb5 axb5 17. b4 Qc7 18. bxc5 dxc5 19. e5 Ba6 20. Ne4 Nxe2+ 21. Qxe2 Nd4
22. Bxd4 cxd4 23. Rfc1 Qa5 24. Qb2 Bb7 25. Qxd4 Rfd8 26. Nd6 Bxg2 27. Kxg2 Qxa3
28. Ra1 Qxd6 29. Qxd6 Rxd6 30. exd6 Bxa1 31. Rxa1 b4 32. d7 Kf8 33. Kf3 Ke7 34.
Ke3 Kxd7 35. Kd4 Kc6 36. Kc4 b3 37. Rb1 b2 38. Kc3 Kd5 39. Rxb2 Rxb2 40. Kxb2
Kd4 41. Kc2 Ke3 42. Kc3 Kf3 43. Kd4 Kxg3 44. Ke5 Kxh3 45. Kf6 Kg3 46. Kxf7 h5
47. Kxe6 h4 48. d4 h3 49. d5 h2 50. d6 h1=Q 51. d7 Qh3+ 52. Ke7 Qxd7+ 0-1